| 000 | 01065nam a22002777a 4500 | ||
|---|---|---|---|
| 999 |
_c61502 _d61502 |
||
| 005 | 20240530110503.0 | ||
| 008 | 150502s2012 ua a g b 000 0 ara d | ||
| 017 |
_a2012/2501 _bمصر . دار الكتب المصرية |
||
| 020 | _a9789774951022 | ||
| 040 | _aEG-CaGPL | ||
| 082 | 0 | 4 |
_221 _a070.41/ _bم ل |
| 100 | 0 | _bمحمود حمدى عبدالقوى. | |
| 245 | 1 | 0 |
_aلغة الصحافة وحرب المفاهيم / _cمحمود حمدى عبدالقوى. |
| 250 | _aط1. | ||
| 260 |
_aالقاهرة : _bدار العالم العربى ، _c2012. |
||
| 300 |
_a171 ص ؛ _c24 سم. |
||
| 490 | 0 | _aسلسلة اتجاهات حديثة فى الاعلام . | |
| 504 | _aيشتمل على ارجاعات ببليوجرافية | ||
| 650 | 0 | 4 | _aالصحافة المصرية |
| 650 | 0 | 4 |
_aالاخبار الصحفية _xطرق قياس |
| 650 | 0 | 4 |
_aالصحافة _xضبط الجودة |
| 650 | 0 | 4 |
_aالصحافة _xتحرير |
| 650 | 0 | 4 | _aالاخلاق الصحفية |
| 942 |
_2ddc _cBK |
||